| 000 | 00940nam a22002537a 4500 | ||
|---|---|---|---|
| 003 | AR-BeUNQ | ||
| 005 | 20220225124529.0 | ||
| 008 | 180328b xxu||||| |||| 00| 0 spa d | ||
| 020 | _a9789500116138 | ||
| 040 |
_aAR-BeUNQ _bspa _eaacr |
||
| 082 |
_221 _a907.12 |
||
| 100 |
_aCampos, Esteban _eaut |
||
| 245 |
_aHistoria 3 ES: _bLa expansión del capitalismo y la formación de los estados nacionales en América Latina _cEsteban Campos |
||
| 250 | _a1a ed. | ||
| 260 |
_aBoulogne : _bEstrada, _c2013 |
||
| 300 |
_a240 p. _bil. ; _c28 cm _eAnexo "Saber Hacer" |
||
| 490 | _aHuellas | ||
| 504 | _aBibliografía por bloques | ||
| 505 | _acada capítulo contiene al final actividades, Entrevistas, Actividades de Integracion. | ||
| 525 | _auna anexos conteniendo actividades, análisis de discursos, cartas como fuentes históricas, etc | ||
| 600 | 9 | _aMinutella, Eduardo | |
| 929 |
_aCOMPRA _bUNQ _e20180223 _j56363 |
||
| 942 |
_cLIB _n0 |
||
| 999 |
_c174 _d174 |
||